000 00941nam a2200229Ia 4500
001 13527
005 20260422100533.0
008 260306t2010||||xx |||||||||||||| ||spa||
041 _aESP
082 _a004.6
_bK96
100 _aKurose, James F.
_eAUT
245 0 _aRedes de computadoras:
_bun enfoque descendente
260 _c2010
300 _axxv, 817 páginas :
_c25 cm.
650 _aGEN
654 _aCCC
856 _uhttps://itmsp.museknowledge.com/UCSP?url=https://www.ebooks7-24.com:443/?il=7350&pg=1
_zVersión digital (2017)
856 _uhttps://0u213xh32-y-https-ebooks7--24-com.itmsp.museknowledge.com/biblioteca.aspx
_zVéase además: Base de datos Ebook7-24
856 _uhttps://dl.acm.org/
_zVéase además: Base de datos ACM Digital Library
856 _uhttps://0u206xh3l-y-https-ieeexplore-ieee-org.itmsp.museknowledge.com/Xplore/home.jsp
_zVéase además: Base de datos IEEE Xplore
942 _cLIB
_dJUS
_fJUS
_2ddc
999 _c13527
_d13527